| 000 | 00400nam a2200157Ia 4500 | ||
|---|---|---|---|
| 008 | 240126s9999 xx 000 0 und d | ||
| 020 | _a0975-7104 | ||
| 041 | _aEnglish | ||
| 082 | _aLibrary-MBA | ||
| 245 | 0 | _aTecnia journal of management studies | |
| 260 |
_bTecnia journal of management _aDelhi |
||
| 440 | _aNULL | ||
| 520 | _aExchange | ||
| 650 | _aTecnia,management,studies | ||
| 942 | _cJN | ||
| 999 |
_c284895 _d284895 |
||